Sports Quiz

Random Sports or MLB Quiz
Score 0/12 Timer 05:00
0 Plays Today
Position Player % Correct
Starting PitcherCurt Schilling (Diamondbacks 2000-03)
92.2%
Center FieldKen Griffey Jr. (Mariners 1989-98)
92.2%
DHEdgar Martinez (Mariners 1989-98)
89.5%
1st BaseTino Martinez (Mariners 1990-95, Yankees 2005)
88.6%
ShortstopAlex Rodriguez (Mariners 1994-98, Yankees 2005-06)
84.5%
Right FieldJay Buhner (Mariners 1989-98)
74.8%
Left Field Luis Gonzalez (Diamondbacks 1999-2004)
74.5%
CatcherDan Wilson (Mariners 1994-98)
56.8%
Relief PitcherByung-Hyun Kim (Diamondbacks 1999-03, 07)
48.5%
Manager (by Seamheads Managerial Points)Bob Brenly (Diamondbacks 2001-04)
43.5%
2nd BaseHarold Reynolds (Mariners 1989-92)
30.2%
3rd BaseTim Wallach (Expos 1988-89)
8.3%
Remove Ads.
Support Sporcle.
Get the best of Sporcle when you Go Orange. This ad-free experience offers more features, more stats, and more fun while also helping to support Sporcle. Thank you for becoming a member.

You're not logged in!

Compare scores with friends on all Sporcle quizzes.
OR
Log In

Show Comments

Extras

Top Quizzes Today


Score Distribution

Your Account Isn't Verified!

In order to create a playlist on Sporcle, you need to verify the email address you used during registration. Go to your Sporcle Settings to finish the process.

Report this User

Report this user for behavior that violates our Community Guidelines.

Details: